Countries closest to Russia - Statistics

General Stats
  • This quiz has been taken 23 times
  • The average score is 13 of 15
Answer Stats
Hint Answer % Correct
0km Kazakhstan
100%
0km Ukraine
100%
0km Belarus
95%
0km China
95%
0km North Korea
95%
0km Georgia
90%
0km Mongolia
90%
0km Azerbaijan
86%
0km Estonia
86%
0km Finland
86%
0km Latvia
86%
0km Lithuania
81%
0km Poland
81%
0km Norway
71%
4km United States Of America
71%
No matching quizzes found
Score Distribution
Percent of People with Each Score
Percentile by Number Answered
Your Score History
You have not taken this quiz